<?xml version="1.0" encoding="UTF-8"?>
<collection xmlns="http://www.loc.gov/MARC21/slim">
 <record>
  <leader>04104cam a22004091a 4500</leader>
  <controlfield tag="001">000035407</controlfield>
  <controlfield tag="003">11687</controlfield>
  <controlfield tag="005">20221231150040.0</controlfield>
  <controlfield tag="008">151228s2014    vm            000   eng</controlfield>
  <datafield tag="040" ind1=" " ind2=" ">
   <subfield code="a">LNN</subfield>
  </datafield>
  <datafield tag="041" ind1=" " ind2=" ">
   <subfield code="a">eng</subfield>
  </datafield>
  <datafield tag="082" ind1=" " ind2=" ">
   <subfield code="a">420.8</subfield>
   <subfield code="b">HO-T</subfield>
  </datafield>
  <datafield tag="100" ind1="1" ind2=" ">
   <subfield code="a">Hoàng, Thảo Thủy.</subfield>
  </datafield>
  <datafield tag="245" ind1="1" ind2="0">
   <subfield code="a">Hedged performatives in economic speeches in English and Vietnamese - A contrastive analysis</subfield>
   <subfield code="h">[Thesis-Luận văn thạc sĩ] /</subfield>
   <subfield code="c">Hoàng Thảo Thủy ; Nguyễn Văn Long hướng dẫn.</subfield>
  </datafield>
  <datafield tag="246" ind1="3" ind2=" ">
   <subfield code="a">Hình thức rào đón trong các bài phát biểu về kinh tế trong tiếng Anh và tiếng Việt - Nghiên cứu so sánh đối chiếu.</subfield>
  </datafield>
  <datafield tag="260" ind1=" " ind2=" ">
   <subfield code="c">2014</subfield>
   <subfield code="a">ĐHĐN.</subfield>
  </datafield>
  <datafield tag="300" ind1=" " ind2=" ">
   <subfield code="a">78tr . : ;</subfield>
   <subfield code="c">30cm+.</subfield>
  </datafield>
  <datafield tag="502" ind1=" " ind2=" ">
   <subfield code="a">Master thesis in social sciences and humanities.</subfield>
  </datafield>
  <datafield tag="520" ind1=" " ind2=" ">
   <subfield code="a">This research is aimed to investigate the syntactic, semantic and pragmatic aspects of Hedged per formatives in English and Vietnamese in general and in economic speeches in particular. The investigation is based on a corpus of 20 videos about economic speeches. We examined a variety of linguistic devices functioning to create the speaker’s hedges and various structures of nouns, adjectives, verbs and adverbs in both languages. In order to achieve the set goal the study is carried out through a descriptive and qualitative approach. English is chosen as L2 and Vietnamese is chosen as L1. It is based on a theoretical framework of speech act, epistemic modality, cooperative and politeness principles. Besides, the study also considered the semantic features of hedge performatives according to economic speeches which was divided into four kinds of syntactic structures mentioned above. Then they were used to discover the semantics and pragmatics of hedged performatives under framework of epistemic modality, and politeness speeches. In addition, the research help Vietnamese learners of English use hedged per formatives effectively in their particular communication situations.</subfield>
  </datafield>
  <datafield tag="650" ind1=" " ind2=" ">
   <subfield code="a">economic speeches in English and Vietnamese</subfield>
  </datafield>
  <datafield tag="653" ind1=" " ind2=" ">
   <subfield code="a">economic speeche</subfield>
   <subfield code="a">contrastive analysis</subfield>
  </datafield>
  <datafield tag="700" ind1="1" ind2=" ">
   <subfield code="a">Nguyễn Văn Long,</subfield>
   <subfield code="c">Dr.,</subfield>
   <subfield code="e">Supervisor.</subfield>
  </datafield>
  <datafield tag="OWN" ind1=" " ind2=" ">
   <subfield code="a">LNN</subfield>
  </datafield>
  <datafield tag="AVA" ind1=" " ind2=" ">
   <subfield code="a">UDN50</subfield>
   <subfield code="b">LNN</subfield>
   <subfield code="c">English</subfield>
   <subfield code="d">420.8 HO-T</subfield>
   <subfield code="e">available</subfield>
   <subfield code="t">Error 5001 Not defined in file expand_doc_bib_avail.</subfield>
   <subfield code="f">1</subfield>
   <subfield code="g">0</subfield>
   <subfield code="h">N</subfield>
   <subfield code="i">0</subfield>
   <subfield code="j">AN</subfield>
   <subfield code="k">1</subfield>
  </datafield>
  <datafield tag="Z40" ind1="3" ind2=" ">
   <subfield code="y">Hedged performatives in economic speeches in English and Vietnamese - A contrastive analysis</subfield>
   <subfield code="l">Library of UFL</subfield>
   <subfield code="t">VIEW</subfield>
   <subfield code="x">http://catalog.udn.vn:80/F?func=service&amp;doc_library=UDN01&amp;local_base=UDN01&amp;doc_number=000035407&amp;sequence=000001&amp;line_number=0001&amp;func_code=DB_RECORDS&amp;service_type=MEDIA</subfield>
   <subfield code="f">TOMTAT_000012646.pdf</subfield>
   <subfield code="e">pdf</subfield>
   <subfield code="s">001043488</subfield>
   <subfield code="k">20210827</subfield>
   <subfield code="m">NTMTHI</subfield>
  </datafield>
  <datafield tag="Z40" ind1="3" ind2=" ">
   <subfield code="y">Hedged performatives in economic speeches in English and Vietnamese - A contrastive analysis</subfield>
   <subfield code="l">Library of UFL</subfield>
   <subfield code="t">VIEW</subfield>
   <subfield code="x">http://catalog.udn.vn:80/F?func=service&amp;doc_library=UDN01&amp;local_base=UDN01&amp;doc_number=000035407&amp;sequence=000002&amp;line_number=0002&amp;func_code=DB_RECORDS&amp;service_type=MEDIA</subfield>
   <subfield code="f">LUANVAN_000012648.pdf</subfield>
   <subfield code="e">pdf</subfield>
   <subfield code="s">000459417</subfield>
   <subfield code="k">20210827</subfield>
   <subfield code="m">NTMTHI</subfield>
  </datafield>
  <datafield tag="999" ind1=" " ind2=" ">
   <subfield code="a">From the UDN01</subfield>
  </datafield>
  <datafield tag="AVA" ind1=" " ind2=" ">
   <subfield code="a">UDN50</subfield>
   <subfield code="b">LNN</subfield>
   <subfield code="c">English</subfield>
   <subfield code="d">420.8 HO-T</subfield>
   <subfield code="e">available</subfield>
   <subfield code="t">Error 5001 Not defined in file expand_doc_bib_avail.</subfield>
   <subfield code="f">1</subfield>
   <subfield code="g">0</subfield>
   <subfield code="h">N</subfield>
   <subfield code="i">0</subfield>
   <subfield code="j">AN</subfield>
   <subfield code="k">1</subfield>
  </datafield>
  <datafield tag="TYP" ind1=" " ind2=" ">
   <subfield code="a">Dissertation</subfield>
  </datafield>
  <datafield tag="TYP" ind1=" " ind2=" ">
   <subfield code="a">Monograph</subfield>
  </datafield>
  <datafield tag="TYP" ind1=" " ind2=" ">
   <subfield code="a">Printed language</subfield>
  </datafield>
  <datafield tag="856" ind1=" " ind2=" ">
   <subfield code="y">Hedged performatives in economic speeches in English and Vietnamese - A contrastive analysis</subfield>
   <subfield code="l">Library of UFL</subfield>
   <subfield code="t">VIEW</subfield>
   <subfield code="x">http://catalog.udn.vn:80/F?func=service&amp;doc_library=UDN01&amp;local_base=UDN01&amp;doc_number=000035407&amp;sequence=000001&amp;line_number=0001&amp;func_code=DB_RECORDS&amp;service_type=MEDIA</subfield>
   <subfield code="f">TOMTAT_000012646.pdf</subfield>
   <subfield code="e">pdf</subfield>
   <subfield code="s">001043488</subfield>
   <subfield code="k">20210827</subfield>
   <subfield code="m">NTMTHI</subfield>
  </datafield>
  <datafield tag="856" ind1=" " ind2=" ">
   <subfield code="y">Hedged performatives in economic speeches in English and Vietnamese - A contrastive analysis</subfield>
   <subfield code="l">Library of UFL</subfield>
   <subfield code="t">VIEW</subfield>
   <subfield code="x">http://catalog.udn.vn:80/F?func=service&amp;doc_library=UDN01&amp;local_base=UDN01&amp;doc_number=000035407&amp;sequence=000002&amp;line_number=0002&amp;func_code=DB_RECORDS&amp;service_type=MEDIA</subfield>
   <subfield code="f">LUANVAN_000012648.pdf</subfield>
   <subfield code="e">pdf</subfield>
   <subfield code="s">000459417</subfield>
   <subfield code="k">20210827</subfield>
   <subfield code="m">NTMTHI</subfield>
  </datafield>
  <datafield tag="980" ind1=" " ind2=" ">
   <subfield code="a">Mạng thư viện Đại học Đà Nẵng</subfield>
  </datafield>
 </record>
</collection>
